National housing (Record no. 1321749)

MARC details
000 -LEADER
fixed length control field 00562nam a2200181Ia 4500
005 - DATE AND TIME OF LATEST TRANSACTION
control field 20260415160329.0
008 - FIXED-LENGTH DATA ELEMENTS--GENERAL INFORMATION
fixed length control field 008 250505s9999 xx 000 0 eng d
037 ## - SOURCE OF ACQUISITION
Stock number Textual
040 ## - CATALOGING SOURCE
Original cataloging agency FEDL
Language of cataloging eng
Transcribing agency FEDL
041 ## - LANGUAGE CODE
Language code of text/sound track or separate title eng
Source of code eng
084 ## - COLON CLASSIFICATION NUMBER
Classification number 711.58 HOU
Assigning agency FEDL
245 #0 - TITLE STATEMENT
Title National housing
260 ## - PUBLICATION, DISTRIBUTION, ETC.
Place of publication, distribution, etc. Bombay, India
Name of publisher, distributor, etc. Vora and Company Publishers Private Limited
Date of publication, distribution, etc. 1948
300 ## - PHYSICAL DESCRIPTION
Extent 141p
490 ## - SERIES STATEMENT
Series statement National planning committee series: Report of sub-committee
942 ## - ADDED ENTRY ELEMENTS (KOHA)
Koha item type Textual
Classification part 711.58 HOU
Holdings
Withdrawn status Lost status Damaged status Not for loan Home library Current library Date acquired Total Checkouts Full call number Barcode Date last seen Price effective from Koha item type
        Department of Education Library Department of Education Library 2025-05-08   711.58 HOU EL0000417 2025-05-08 2025-05-08 Textual
Copyright @ Delhi University Library System